Search the Library Catalogue
| 000 -LEADER | |
|---|---|
| fixed length control field | 00537nam a2200169Ia 4500 |
| 008 - FIXED-LENGTH DATA ELEMENTS--GENERAL INFORMATION | |
| fixed length control field | 250714s9999 xx 000 0 und d |
| 020 ## - INTERNATIONAL STANDARD BOOK NUMBER | |
| ISBN | 9780521611916 |
| 082 ## - DEWEY DECIMAL CLASSIFICATION NUMBER | |
| Classification number | 935 |
| Item number | DAN |
| 100 ## - MAIN ENTRY--AUTHOR NAME | |
| Personal name | Dandamaev, Muhammad A. |
| 245 #4 - TITLE STATEMENT | |
| Title | The Culture and Social Institutions of Ancient Iran |
| 260 ## - PUBLICATION, DISTRIBUTION, ETC. (IMPRINT) | |
| Name of publisher | Cambridge University Press |
| Year of publication | 2004 |
| 300 ## - PHYSICAL DESCRIPTION | |
| Number of Pages | 486 pages |
| 500 ## - GENERAL NOTE | |
| General note | The authors look in detail at the highly developed social institutions of the Achaemenid Empire. |
| 650 ## - SUBJECT ADDED ENTRY--TOPICAL TERM | |
| Topical Term | History |
| 942 ## - ADDED ENTRY ELEMENTS (KOHA) | |
| Koha item type | English Books |
| Withdrawn status | Lost status | Damaged status | Not for loan | Home library | Current library | Shelving location | Date acquired | Full call number | Accession Number | Price effective from | Koha item type |
|---|---|---|---|---|---|---|---|---|---|---|---|
| Anna Centenary Library | Anna Centenary Library | 7TH FLOOR, B WING | 14.07.2025 | 935 DAN | 234924 | 14.07.2025 | English Books |